000 00692nam a2200181 i 4500
001 190268
003 ES-MaACL
005 20251011063205.0
008 201006s1869 ne |||| | spa d
100 1 _aNahuys, Maurin Théodore Corneille Florent Napoléon,
_cComte,
_d1832-1895
_9170379
245 1 3 _aLa question de l'uniformité internationale des monnaies, considérée au point de vue historique /
_cM.N.
260 _aUtrecht :
_bKemink et Fils,
_c1869.
300 _a62 p. ;
_ccm.
500 _aSeparata: Revue de la numismatique belge. Série 5. - T. 1.
650 0 4 _aSistema monetario internacional.
_917132
852 _aES-MaACL
_jT-1284-F-2
999 _c190268
_d190268